A Dear Friend (Khmer and English) / (Record no. 48614)
| 000 -LEADER | |
|---|---|
| fixed length control field | 00393nam a2200109 4500 |
| 020 ## - INTERNATIONAL STANDARD BOOK NUMBER | |
| International Standard Book Number | 9789924370529 |
| 100 ## - MAIN ENTRY--PERSONAL NAME | |
| Personal name | Nhoemvan, Soknal, |
| Relator term | author. |
| 9 (RLIN) | 84142 |
| 245 ## - TITLE STATEMENT | |
| Title | A Dear Friend (Khmer and English) / |
| Statement of responsibility, etc | written by Nhoemvan Soknal, Illustrated by Yam Luychhouy. |
| 260 ## - PUBLICATION, DISTRIBUTION, ETC. (IMPRINT) | |
| Place of publication, distribution, etc | Cambodia, Phnom Penh : |
| Name of publisher, distributor, etc | Fount of Wisdom Publishing House Organization ; |
| Date of publication, distribution, etc | 2025 |
| 300 ## - PHYSICAL DESCRIPTION | |
| Extent | 21 pages. |
| 942 ## - ADDED ENTRY ELEMENTS (KOHA) | |
| Source of classification or shelving scheme | |
| Koha item type | Book |
| Withdrawn status | Lost status | Source of classification or shelving scheme | Damaged status | Not for loan | Home library | Current library | Date acquired | Total Checkouts | Total Renewals | Full call number | Barcode | Date last seen | Date checked out | Price effective from | Koha item type |
|---|---|---|---|---|---|---|---|---|---|---|---|---|---|---|---|
| Logos International School | Logos International School | 03/17/2025 | 5 | 1 | KHMER E NHO | 040521 | 05/01/2026 | 04/24/2026 | 03/17/2025 | Book |